Les Films de Star Wars - Statistiques

Statistiques générales
  • Ce quiz a été pris 1 424 fois
    1 310 depuis la dernière actualisation
  • Le résultat moyen est 6 sur 8
Statistiques - réponses
Épisode Titre % Correct
Episode I La Menace Fantôme
90%
Episode V L'Empire Contre-Attaque
88%
Episode III La Revanche des Sith
84%
Episode VI Le Retour du Jedi
84%
Episode IV Un Nouvel Espoir
82%
Episode II L'Attaque des Clones
77%
Episode VII Le Réveil de la Force
71%
Episode VIII Les Derniers Jedi
63%
Aucun quiz correspondant
Distribution des résultats
% des personnes avec chaque résultat
Percentile par nombre de réponses
Votre historique - résultats
Vous n’avez pas pris ce quiz depuis la dernière actualisation